Islands of Japan on a Map - Statistics

General Stats
  • This quiz has been taken 191 times
  • The average score is 21 of 368
Answers on the Map
Answers color-coded by a green-red scale on the quiz's map according to % correct below.
 
Answer Stats
Island % Correct
Hokkaido
93%
Honshu
86%
Kyushu
77%
O
77%
Oki
70%
Okinawa
68%
Shikoku
62%
I
47%
Sa
36%
Tsushima
30%
E
27%
To
26%
Sado
25%
Ku
24%
Hi
22%
Awa
21%
Iwo Jima
21%
Ko
21%
Ya
21%
Awaji
20%
Amami
17%
Ishigaki
16%
No
16%
Iki
14%
Yakushima
14%
Ao
13%
Miyakojima
13%
Rebun
13%
Te
13%
Yonaguni
13%
Okino
12%
Oshima
12%
Rishiri
12%
Tanegashima
12%
Hachijojima
11%
Okushiri
11%
Chichijima
10%
Hahajima
10%
Kikai
10%
Miyake
10%
Tokunoshima
10%
Aogashima
9%
Hiroshima
9%
Mikurajima
9%
Minna
9%
Shodoshima
9%
Awashima
8%
Etajima
8%
Fukue
8%
Itsukushima
8%
Kume
8%
Me
8%
Nagashima
8%
Okinoerabujima
8%
Kamishima
7%
Kitadaito
7%
Minamidaito
7%
Niijima
7%
On
7%
Toshima
7%
Yoron
7%
Dogojima
6%
Fukushima
6%
Hirado
6%
Ie
6%
Iheya
6%
Iriomotejima
6%
Izena
6%
Kakeromajima
6%
Kamikoshiki
6%
Kuchinoerabu
6%
Kurahashi
6%
Nakanoshima
6%
Nishinoshima
6%
Noto
6%
Omi
6%
Shimoshima
6%
Tarama
6%
Akusekijima
5%
Chibu
5%
Himeshima
5%
Iojima
5%
Kuroshima
5%
Okinoshima
5%
Omishima
5%
Shimokoshiki
5%
Suwanosejima
5%
Takeshima
5%
Taketomi
5%
Teuri
5%
Tokashiki
5%
Yagishiri
5%
Zamami
5%
Aguni
4%
Aka
4%
Innoshima
4%
Mageshima
4%
Mukojima
4%
Naoshima
4%
Ojika
4%
Okunoshima
4%
Takashima
4%
Hario
3%
Hateruma
3%
Hisaka
3%
Ikei
3%
Ikema
3%
Ikuchi
3%
Irabu
3%
Kamino
3%
Kodakarajima
3%
Kohama
3%
Kouzushima
3%
Kuchinoshima
3%
Mishima
3%
Nakadori
3%
Naru
3%
North Iwo Jima
3%
Nu
3%
Saku
3%
Shikinejima
3%
Tairajima
3%
Takarajima
3%
Teshima
3%
Tobishima
3%
Tonaki
3%
Torishima
3%
Uo
3%
Yokoshima
3%
Yoroshima
3%
Yuge
3%
Anijima
2%
Awashimaura
2%
Edateku
2%
Gajajima
2%
Goshoura
2%
Ikina
2%
Iwajima
2%
Jino
2%
Kamikamagari
2%
Kitagi
2%
Kouri
2%
Kurima
2%
Matsugashima
2%
Matsushima
2%
Miyagi
2%
Ode
2%
Oge
2%
Osakikamizima
2%
Sesoko
2%
Shimokamagari
2%
South Iwo Jima
2%
Tajima
2%
Ueshima
2%
Ukejima
2%
Uki
2%
Ukushima
2%
Wakamatsu
2%
Yashiro
2%
Yoshima
2%
Ainoshima
1%
Azuchi-Oshima
1%
Boze
1%
Fuka
1%
Fukaji
1%
Genkai
1%
Geruma
1%
Gezu
1%
Gogo
1%
Hakata
1%
Hamahiga
1%
Hara
1%
Hashira
1%
Hegurajima
1%
Heigun
1%
Hikoshima
1%
Hino
1%
Hinoshima
1%
Hitsuishi
1%
Honjima
1%
Ibuki
1%
Ikara
1%
Ikeshima
1%
Ikino
1%
Ikitsuki
1%
Inujima
1%
Iotorishima
1%
Itsuki
1%
Iwagi
1%
Izushima
1%
Jinoshima
1%
Kaba
1%
Kakui
1%
Kashiko
1%
Kashima
1%
Kashira
1%
Kashiragashima
1%
Kinkasan
1%
Kuba
1%
Kudaka
1%
Maejima
1%
Manabe
1%
Megijima
1%
Mie
1%
Mukaishima
1%
Nagaura
1%
Nakajima
1%
Nakakoshiki
1%
Ninoshima
1%
Nishijima
1%
Nokonoshima
1%
Ogami
1%
Ogijima
1%
Okamura
1%
Okurokami
1%
Osakishimozima
1%
Otabu
1%
Ototojima
1%
Oyano
1%
Ozu
1%
Ozuchi
1%
Sagi
1%
Sanagi
1%
Shimada
1%
Shimaura
1%
Shimayama
1%
Shimono
1%
Shiraishi
1%
Shishi
1%
Shoura
1%
Suga
1%
Takamishima
1%
Takaneshima
1%
Tanga
1%
Tera
1%
Tobase
1%
Tomoga
1%
Toshijima
1%
Toyoshima
1%
Tsuji
1%
Tsuken
1%
Tsunoshima
1%
Uji
1%
Ushi
1%
Yabuchi
1%
Yagaji
1%
Yokoatejima
1%
Yuri
1%
Yushima
1%
Ajihama
0%
Akahone
0%
Amuro
0%
Arifuku
0%
Atata
0%
Chiringashima
0%
Doigahara
0%
Futagami
0%
Futaoi
0%
Hashiri
0%
Hetako
0%
Hiai
0%
Himakajima
0%
Hoso
0%
Hoto
0%
Iwai
0%
Iwashi
0%
Jio
0%
Jogashima
0%
Kabe
0%
Kakarajima
0%
Kasado
0%
Kasasa
0%
Kashiwa
0%
Kata
0%
Kiioshima
0%
Kishikuchohime
0%
Kokatsu
0%
Kooge
0%
Kosagi
0%
Kunugi
0%
Kurokami
0%
Madara
0%
Maki
0%
Masaki
0%
Mikado
0%
Mikawao
0%
Momojima
0%
Mukoujima
0%
Muta
0%
Nasake
0%
Noho
0%
Nokama
0%
Nozaki
0%
Nuwa
0%
Oitsukami
0%
Onyujima
0%
Ore
0%
Orono
0%
Oshiba
0%
Otate
0%
Ryoseura
0%
Sagano
0%
Sakatejima
0%
Sakito
0%
Shimonaka
0%
Shino
0%
Shiomi
0%
Shukugen
0%
Takezaki
0%
Takushima
0%
Tanago
0%
Tashirohama
0%
Teba
0%
Tendo
0%
Toga
0%
Tsuba
0%
Tsukumi
0%
Tsuwaji
0%
Ujimukae
0%
Watakano
0%
Yakabi
0%
Yakata
0%
Yokoura
0%
No matching quizzes found
Score Distribution
Percent of People with Each Score
Percentile by Number Answered
Your Score History
You have not taken this quiz